01083nam a2200205Ia 450000500170000000800410001702000180005805000210007611000390009724501060013625000180024226000440026030000600030450000360036450400430040050502890044365000550073265000490078770000410083620231102151116.0120626s2010 mx 000 0 spa d a978607448052814aBF76.7bM36 2010 eAmerican Psychological Association10aManual de publicaciones de la American Psychological Association:cAmerican Psychological Association a3a. edición aMéxicob : El Manual Modernoc , 2010 axviii, 260 páginasbilustraciones, diagramas, tablas  aIncluye: Índice (pp. 257-260) aIncluye: Bibliografía (pp. 255-256) 2 aEstilo de redacción para las ciencias sociales y conductuales Estructura y contenido del manuscrito Cómo escribir con claridad y precisión Aspectos prácticos de estilo Visualización de resultados Citación de las fuentes Ejmaplos de referencias El proceso de publicación 14aLITERATURA PSICOLÓGICAxPUBLICACIÓN - MANUALES24aPSICOLOGÍAxAUTORÍA - MANUALES DE ESTILO aGuerra Frías, Miroslavaetraductor